书目信息 |
| 书名: | Experimental organic chemistry | |
| 作者: | Clark F. Most, Jr. | |
| 分册号: | ||
| 分册名: | 出版地: | New York : |
|
| 出版社: | Wiley | |
| 出版时间: | c1988. | |
| 页数: | xx, 586 p. : | |
| 开本: | 29 cm. | |
| 丛书名: | ||
| 中图分类号: | ||
| 科图分类号: | ||
| 其他分类号: | O62-33 | |
| 主题词: | ||
| 电子资源: | ||
| 000 | 00699nam 2200241 a 4504 | |
| 001 | E0759396025 | |
| 005 | 20070301163322.18 | |
| 008 | 030624s1988 nyua b 00110 eng | |
| 010 | @a87-21653 | |
| 020 | @a0471820431. | |
| 040 | @aDLC@cDLC | |
| 050 | 00 | @aQD261@b.M78 1988 |
| 082 | 0 | @a547/.007/8 @2 19 |
| 090 | @aP440.36/W28 | |
| 090 | @aO62-33 | |
| 099 | @dO62-33@ex14 | |
| 100 | 1 | @aMost, Clark F. |
| 245 | 10 | @aExperimental organic chemistry / @cClark F. Most, Jr. |
| 260 | 0 | @aNew York :@bWiley,@cc1988. |
| 300 | @axx, 586 p. :@bill. ;@c29 cm. | |
| 504 | @aIncludes bibliographies and index. | |
| 650 | 0 | @aChemistry, Organic@xLaboratory manuals. |
| 920 | @a232010@z2 | |
| Experimental organic chemistry / / Clark F. Most, Jr.-New York : : Wiley, , c1988. |
| xx, 586 p. : : ill. ; ; 29 cm. |
| Includes bibliographies and index. |
| ISBN 0471820431. |
| ● |
| 相关链接 |
|
|
|
|
正题名:Experimental organic chemistry
索取号:O62-33/x14
 
预约/预借
| 序号 | 登录号 | 条形码 | 馆藏地/架位号 | 状态 | 备注 |
| 1 | 184077 | 000635218 | 第四借阅区/ [索取号:O62-33/x14] | 在馆 | |
| 2 | 184078 | 000635209 | 第二样本阅览室/ [索取号:O62-33/x14] | 在馆 |